Statistics for Brazilians soccer players scoring during the World Cup

Click here to take the quiz!

General Stats

  • This quiz has been taken 624 times
    (226 since last reset)
  • The average score is 29 of 80

Answer Stats

Goal Year(s) Players % Correct
121958 - 1962 - 1966 - 1970Pelé
99%
151998 - 2002 - 2006Ronaldo
98%
62014 - 2018Neymar
97%
22002Ronaldinho
89%
81998 - 2002Rivaldo
87%
12002Roberto Carlos
78%
51994Romario
77%
12006Kaka
71%
51978 - 1982Zico
71%
22014 - 2018Thiago Silva
69%
51962 - 1966Garrincha
64%
41982 - 1986Socrates
62%
22014David Luiz
62%
61994 - 1998Bebeto
61%
11938Roberto Emílio da Cunha
60%
12006Ze Roberto
60%
11982José Oscar Bernardi
59%
22018Philippe Coutinho
59%
22014Oscar
59%
22010Robinho
58%
22006Fred
58%
22006Adriano
55%
12006Juninho
50%
21950Jair da Rosa Pinto
47%
61970 - 1974Roberto Rivelino
46%
91970 - 1974Jairzinho
40%
12010Maicon
39%
11982Leovegildo Lins da Gama Júnior
38%
32010Luis Fabiano
37%
12002Junior
36%
12018Paulinho
36%
71986 - 1990Careca
36%
81934 - 1938Leonidas da Silva
35%
31982Paulo Roberto Falcao
35%
12002Edmilson
35%
31966 - 1970Tostao
33%
91958 - 1962Vava
33%
11994Márcio Roberto dos Santos
31%
31954 - 1958Didi
31%
11954Djalma Santos
30%
11958Nilton Santos
30%
21982Éder Aleixo de Assis
30%
11994Rai
29%
12014Fernandinho
29%
11994Branco
28%
12018Renato Augusto
26%
12010Juan
25%
12006Gilberto
25%
11970Gérson de Oliveira Nunes
24%
21958 - 1962Mario Zagallo
23%
11970Carlos Alberto Torres
23%
81950Ademir
23%
21982Serginho Chulapa
22%
22010Elano Blumer
21%
21990Muller
21%
31998Carlos César Sampaio Campos
19%
21986Josimar Higino Pereira
18%
11966Rildo da Costa Menezes
17%
31962Amarildo Tavares da Silveira
17%
11962Zito
16%
11970Clodoaldo Tavares de Santana
16%
21950Zizinho
16%
21978Nelinho
15%
31978Roberto Dinamite
14%
11978José Reinaldo de Lima
13%
31978José Guimaraes Dirceu
11%
11950Friaça
11%
21954Julinho
8%
21958José Altafini
8%
31930Preguinho
8%
31950 - 1954Baltazar
8%
41950Chico
8%
11986Edino Nazareth Filho
6%
11974Valdomiro Vaz Franco
6%
31938José Peracio
5%
11950Maneca
4%
21954Pinga
4%
11950Alfredo Ramos dos Santos
4%
21930Moderato Wissnteiner
3%
31938Romeu Pellicciari
2%

Score Distribution

Percentile by Number Answered

Percent of People with Each Score

Your Score History

You have not taken this quiz since the last reset